000
00236nam a22001097a 4500
040
_c
SK
082
_a
586
100
_a
KUY SOPHAL; គួយ សុផល
245
_a
Cryptogams and gymnosperms
260
_a
RUA
_b
KUY
_c
1994
942
_c
KB
999
_c
9591
_d
9591